25 Richest People on Earth - Statistics

General Stats
  • This quiz has been taken 32 times
  • The average score is 6 of 25
Answer Stats
Number Person % Correct
1 Elon Musk
100%
2 Jeffery Bezos
65%
4 Bill Gates
48%
5 Warren Buffett
39%
6 Larry Page
32%
3 Bernard Arnault
29%
12 Mark Zuckerberg
29%
7 Sergey Brin
29%
19 Alice Walton
23%
17 Jim Walton
23%
9 Larry Ellison
23%
14 Carlos Slim
19%
18 Rob Walton
19%
25 Amancio Ortega
16%
20 Charles Koch
13%
21 Julia Flesher Koch
13%
10 Mukesh Ambani
10%
8 Steve Ballmer
10%
13 Francoise Bettencourt Meyers
6%
22 MacKenzie Scott
6%
23 Michael Dell
6%
16 Changpeng Zhao
3%
11 Gautam Adani
3%
24 Phil Knight
3%
15 Zhong Shanshan
3%
No matching quizzes found
Score Distribution
Percent of People with Each Score
Percentile by Number Answered
Your Score History
You have not taken this quiz